Tennis par lettre - S - Statistiques

Statistiques générales
  • Ce quiz a été pris 77 fois
  • Le résultat moyen est 8 sur 10
Statistiques - réponses
Questions Réponses % Correct
Quel tennisman italien a remporté Wimbledon en 2025 ? Jannik Sinner
100%
Quel tenniswoman polonaise a remporté Roland Garros en 2022, 2023 et 2024 ? Iga Swiatek
93%
Quel tournoi chinois est un Masters 1000 depuis 2009 ? Shanghaï
92%
Quelle tenniswoman biélorusse a remporté 4 tournois du Grand Chelem sur surface dure ? Aryna Sabalenka
86%
Quel tennisman américain, avant Roger Federer, était le Roi du Gazon ? Pete Sampras
81%
Quel tournoi sud-coréen la joueuse ci-dessus a remporté en 2025 ? Séoul
79%
Quelle géante tenniswoman russe a remporté Roland Garros en 2012 ? Maria Sharapova
78%
Quel tennisman russe a remporté l'Open d'Australie en 2005, le dernier de sa carrière ? Marat Safin
65%
Quel tennisman américain a laissé son nom à une célèbre marque de chaussures ? Stan Smith
53%
Quelle tenniswoman yougoslave a remporté 9 Grands Chelems dans les années 1980-90 ? Monica Seles
44%
Aucun quiz correspondant
Distribution des résultats
% des personnes avec chaque résultat
Percentile par nombre de réponses
Votre historique - résultats
Vous n’avez pas pris ce quiz